Religion Quiz

Random Religion or Country Quiz
Score 0/45 Timer 04:00
4 Plays Today
% Correct
United States
99.3%
United States
99.3%
United States
99.3%
United States
99.3%
United States
99.3%
India
98.2%
India
98.2%
India
98.2%
India
98.2%
India
98.2%
China
98%
China
98%
Russia
89.8%
Russia
89.8%
Russia
89.8%
Japan
89.5%
Japan
89.5%
Israel
89.1%
France
84.2%
France
84.2%
Germany
84.2%
United Kingdom
83.9%
United Kingdom
83.9%
% Correct
Pakistan
83.8%
Pakistan
83.7%
Brazil
83.6%
Mexico
82.2%
Canada
80.4%
Canada
80.4%
Canada
80.4%
Indonesia
71.9%
Indonesia
71.9%
Egypt
69.3%
Thailand
62.8%
Vietnam
62.3%
Vietnam
62.3%
Nepal
57.5%
Bangladesh
55.4%
Bangladesh
55.4%
Malaysia
41.9%
Myanmar
40.6%
Philippines
37.4%
Kenya
17.1%
Kenya
17.1%
Democratic Republic of the Congo
12.9%
Remove Ads.
Support Sporcle.
Get the best of Sporcle when you Go Orange. This ad-free experience offers more features, more stats, and more fun while also helping to support Sporcle. Thank you for becoming a member.

You're not logged in!

Compare scores with friends on all Sporcle quizzes.
OR
Log In

Sporcle TV

Today on Sporcle TV


Watch our educational content, quiz creation guides, and fun videos on Sporcle TV.

Show Comments

Extras

Top Quizzes Today


Score Distribution

Paid Content

Your Account Isn't Verified!

In order to create a playlist on Sporcle, you need to verify the email address you used during registration. Go to your Sporcle Settings to finish the process.

Report this User

Report this user for behavior that violates our Community Guidelines.

Details: